1492 1367 1187 1822 1473 1512 1364 1953 1367 1842 1874 1599 1427 1813 1350 1912 1610 1093 1568 1458 1027 1276 1978 1686 1162 1049 1490 1937 1405 1845 1160 1597 1034 1567 1607 1643 1996 1026 1148 1319 1239 1346 1017 1645 1030 1177 1245 1961 1466 1882 1553 1707 1444 1523 1445 1904 1210 1413 1532 1651 1548 1753 1603 1072 1242 1141 1479 1344 1581 1517 1709 1710 1670 1147 1180 1764 1626 1521 1231 1298 1548 1268 1288 1951 1479 1896 1888 1106 1728 1759 1051 1636 1040 1907 1750 1744 1645 1324 1623 BCNSPRNW ULIB Ver.6.0+V

เปลี่ยนเป็นภาษาไทย

Change to English
 แสดงรายละเอียดบรรณานุกรม
  กลับหน้าหลัก

Brief Record : Get Marc (ISO 2709) : E-mail record : QR code < ปิดหน้าต่าง
LEADER : 00000nam 2200000uu 4500
001    13399111900
003     ULIB
008    110711s2549||||th 000 0 tha d
020    9749436113
020    9789749436110
050  4 DS570.3^bช632ต 2549
100 0  ชุมศักดิ์ นรารัตน์วงศ์,^d2510-
245 10 ใต้ร่มเย็น ด้วยพระบารมี /^cชุมศักดิ์ นรารัตน์วงศ์
250    พิมพ์ครั้งที่ 1
260    กรุงเทพฯ :^bร่วมด้วยช่วยกัน,^c2549
300    (8), 304 หน้า :^bภาพประกอบ (สีบางภาพ) ;^c21 ซม.
500 ศึ กษาพระปรีชาญาณในการสร้างความสมานฉันท์จากเหตุการณ์ประวัติศาสตร์การเสด็จฯ 3 จังหวัดชายแดนภาคใต้เป็นครั้งแรก
600 07 ภูมิพลอดุลยเดช,^cพระบาทสมเด็จพระปรมินทรมหา,^d2470-^xพระราชกรณียกิจ
600 07 จำเริญ วัฒนายากร
600 07 สวัสดิ์ วัฒนายากร
600 07 ดิลก ศิริวัลลภ
600 07 ธีรพงษ์ หะยีอาแว
650  4 ช้างเผือก
650  4 การแข่งเรือ^zไทย (ภาคใต้)
650  4 เรือกอและ
650  4 โครงการอันเนื่องมาจากพระราชดำริ
650  4 ศาลเจ้า
653    ศาลเจ้าแม่ลิ้มกอเหนี่ยว
653    เจ้าแม่ลิ้มกอเหนี่ยว
945    ^p290^l0^i019619
995    ทศพร
999 ^a ใช้งานได้ทุกระบบ
รายการนี้ยังไม่มีแท็ก
คุณยังไม่ได้ล็อกอิน คุณสามารถมีกิจกรรมร่วมกับเว็บไซต์ได้ แต่ต้องล็อกอินก่อน ::
  ล็อกอิน

รายการสื่อสารสนเทศ

ลำดับที่ ประเภท เลขเรียก/บาร์โค้ด สถานที่ สถานะ
- ไม่พบข้อมูล -

รายการใกล้เคียง
    หัวเรื่อง [โครงการอันเนื่องมาจากพระราชดำริ]

BibComment


ยังไม่เคยถูกคอมเมนท์

คอมเมนท์ทรัพยากรรายการนี้
  คอมเมนท์: ใต้ร่มเย็น ด้วยพร..


 Copyright 2026. Bcnsprnw @Library